000 00545nam a2200193Ia 4500
005 20250508165653.0
008 008 250505s9999 xx 000 0 eng d
037 _aTextual
040 _aFEDL
_beng
_cFEDL
041 _aeng
_2eng
084 _a530, KAS
_qFEDL
100 _aKasturi Sucharita Basu
_9781564
245 0 _aExplore physics : for the middle school 1
260 _aNew Delhi, India
_bOxford University Press
_c2004
300 _a84p.
365 _aINR
_b58
942 _cTEXL
_h530, KAS
999 _c1396639
_d1396639